| 000 | 00783nam a22001577a 4500 | ||
|---|---|---|---|
| 003 | OSt | ||
| 005 | 20151002140331.0 | ||
| 008 | 151002b xxu||||| |||| 00| 0 eng d | ||
| 040 | _cRUA | ||
| 082 | _aAVM THU 1995 B063 Or.1 | ||
| 100 |
_91754 _aTHUN, VATHANA. |
||
| 245 | _aThe potential for increasing pig production in battam bang province-an analysis of the present situation and how it could be improved, សក្ដានុពលភាពដើម្បីបង្កើតផលិតកម្មជ្រូកក្នុងខេត្តបាត់ដំបង-វិភាគអំពីស្ថានភាពបច្នុប្បន្ន និងរបៀបកែលំអ | ||
| 260 |
_aPhnom Penh _bRUA _c1995 |
||
| 300 |
_a56p. _bill. _c29cm. |
||
| 942 |
_2ddc _cAVM |
||
| 999 |
_c1656 _d1656 |
||